Представление документа в формате RUSMARC

ПолеНазваниеЗначение
  Тип записи a
  Библиографический уровень m
001 Контрольный номер 6673845e85b44c02b4f14c38ca62c5e6
005 Дата корректировки 20140904150940.9
010 Индекс ISBN __
a ISBN 5-279-01926-7
200 Заглавие и сведения об ответственности 1_
a Заглавие Стратегический менеджмент в туризме:современный опыт управления
f Первые сведения об ответственности Рос.междунар.акад.туризма
210 Выходные данные 1_
a Место издания М.
c Издательство Финансы и статистика
d Дата издания 1999
215 Физическое описание __
a Объем 489 с.
610 Ключевые слова 0_
a Ключевые слова туризм
610 Ключевые слова 0_
a Ключевые слова менеджмент в туризме
686 Индексы других классификаций __
a Классификационный индекс 75
2 Код системы rubbk
686 Индексы других классификаций __
a Классификационный индекс 75.814
2 Код системы rubbk
700 Автор _1
a Фамилия Квартальнов Валерий Александрович
801 Источник записи _0
a Страна RU
b Организация РУК
c Дата составления 20001204
g Правила каталогизации PSBO
801 Источник записи _1
a Страна RU
b Организация РУК
c Дата составления 20001204
g Правила каталогизации PSBO
852 Данные о местонахождении __
i Авторский знак К 32
j Шифр хранения ББК 75
901 Тип документа __
t Тип документа m
938 Служебная информация __
a Название организации Головной вуз
b Имя БД BOOK
c Название АИБС АИБС ИРБИС